000 00881cam a2200253 4500
001 L122866
008 030702n2003 000 0 eng u
020 _a0471073237
020 _a0471429074
035 _a(Sirsi) u122866
041 _aeng
050 _a658.404
_c21
100 _aMeredith, Jack R.
245 _aProject management
_ba managerial approach
250 _a5th ed.
260 _aNew York
_bWiley
_c2003
300 _axiv, 690p
_c25cm.
350 _a35.95
520 _aFifth edition of this American text provides information on human behaviour, organisational issues and quantitative methods to succeed in project management. Covers the key stages involved in project initiation, project implementation and project termination.
650 _aUNITED STATES
690 _aProject management
_96261
700 _aMantel (Junior), Samuel J.
942 _n0
999 _c102946
_d102946